000 00307nam a22001337a 4500
008 180131b xxu||||| |||| 00| 0 eng d
020 _a9781557983176
041 _aeng
080 _a159.9
100 _a48
101 _aPSI
245 _aEmerging issues in mental health& aging
_cGatz,M
942 _2udc
_cBK
999 _c41385
_d41385